Logic : (Record no. 4364)

MARC details
000 -LEADER
fixed length control field 00594 a2200193 4500
010 ## - LCCN (DPL NO)
LC control number ENG-86253
020 ## - INTERNATIONAL STANDARD BOOK NUMBER
International Standard Book Number 9788120332485
Terms of availability 350.00
035 ## - SYSTEM CONTROL NUMBER
System control number EN-69786
037 ## - SOURCE OF ACQUISITION
Source of stock number/acquisition DBAD / PUB
082 14 - DEWEY DECIMAL CLASSIFICATION NUMBER
Classification number 160
100 ## - MAIN ENTRY--PERSONAL NAME
Personal name Chakraborti, Chhanda
245 1# - TITLE STATEMENT
Title Logic :
Statement of responsibility, etc by Chhanda Chakraborti
Remainder of title informal, symbolic and inductive /
250 ## - EDITION STATEMENT
Edition statement 2nd ed.
260 ## - PUBLICATION, DISTRIBUTION, ETC. (IMPRINT)
Place of publication, distribution, etc New Delhi
Name of publisher, distributor, etc Prentice-Hall of India
Date of publication, distribution, etc 2007
270 ## - ADDRESS
Address M-97, Connaught Circus
City New Delhi
State or province New Delhi
Postal code 110 001
300 ## - PHYSICAL DESCRIPTION
Extent xxii, 562p.
Dimensions 24cm. (Pbk)
500 ## - GENERAL NOTE
General note Includes index
942 ## - ADDED ENTRY ELEMENTS (KOHA)
Institution code [OBSOLETE] dpl
Item type English Books
Source of classification or shelving scheme Dewey Decimal Classification
Classification part 160
Call number suffix CHA
Holdings
Withdrawn status Lost status Not for loan Collection code Home library Current library Source of acquisition Cost, normal purchase price Full call number Barcode Copy number Cost, replacement price Koha item type
    Not For Loan Non-fiction D.B.Act.Division D.B.Act.Division DBAD/PUB 350.00 160 CHA EN-69786 1 350.00 English Books

© Delhi Public Library
Hit Counter
free hit counter